Genesis: Albums by Cover - Statistics

General Stats
  • This quiz has been taken 62 times
  • The average score is 11 of 15
Answer Stats
Picture Hint Answer % Correct
1973 Selling England by the Pound
90%
1980 Duke
88%
1974 The Lamb Lies Down on Broadway
86%
1981 Abacab
81%
1972 Foxtrot
81%
1976 Wind & Wuthering
79%
1976 A Trick of the Tail
76%
1986 Invisible Touch
76%
1978 ...And Then There Were Three...
74%
1983 Genesis
74%
1971 Nursery Cryme
74%
1969 From Genesis to Revelation
69%
1970 Trespass
67%
1991 We Can't Dance
62%
1997 Calling All Stations
40%
No matching quizzes found
Score Distribution
Percent of People with Each Score
Percentile by Number Answered
Your Score History
You have not taken this quiz